000 00870nam a22002657a 4500
005 20250825152016.0
008 250825b |||||||| |||| 00| 0 eng d
020 _a978-1-107-14030-1 (hbk)
037 _cTB
040 _aCL
_cCL
041 _2eng
_aeng
084 _aR3xM59:g Q7
_qCL
245 _aJohn Dewey's democracy and education: centennial handbook
260 _aNew York, USA:
_bCambridge University Press,
_c2017.
300 _axxiv,350p.
365 _b79.99
_cUKP
650 _2DEMOCRACY
650 _aDEWEY, JOHN
650 _aEDUCATION
650 _aPHILOSOPHY
700 _aWaks, Leonard J.
_eEditor.
_9818792
700 _aEnglish, Andrea R.
_eEditor.
_9818793
942 _2CC
_cTB
_hR3xM59:g Q7
_n0
999 _c1434866
_d1434866